La leyenda del oso hormiguero /

Según la leyenda, don Sebastián Gaboto amarró sus barcos y bajó con muchos hombres a las verdes orillas del río Paraná. Uno de ellos se quedó allí para siempre. ¿Cómo fue que se convirtió en ornero?

Guardado en:
Autor Principal: Canela.
Otros Autores: Prada, Marta., Cubillas, Roberto; il., Fernández, Luciana; il.
Formato: Libro
Idioma:Undetermined
Publicado: Buenos Aires : Sudamericana, 2007.
Series:Cuentamérica naturaleza / Gigliola Zecchin
Materias:
Etiquetas: Agregar Etiqueta
Sin Etiquetas, Sea el primero en etiquetar este registro!
LEADER 00968nam a22002295a 4500
001 CEM.cems021289
008 240705s2007####ag############000#0#und#d
005 20240705170657.0
245 1 0 |a La leyenda del oso hormiguero /  |c Canela y Marta Prada ; ilustrado por Roberto Cubillas y Luciana Fernández. 
260 |a Buenos Aires :  |b Sudamericana,  |c 2007. 
300 |a 32 p. 
490 1 |a Cuentamérica naturaleza / Gigliola Zecchin 
500 |a Edad sugerida: a partir de 4 años. 
520 |a Según la leyenda, don Sebastián Gaboto amarró sus barcos y bajó con muchos hombres a las verdes orillas del río Paraná. Uno de ellos se quedó allí para siempre. ¿Cómo fue que se convirtió en ornero? 
020 |a 9789500728904 
100 1 |a Canela. 
700 1 |a Prada, Marta. 
700 1 |a Cubillas, Roberto; il. 
700 1 |a Fernández, Luciana; il. 
653 |a Mitos 
653 |a Leyendas 
859 |a CEMS  |b BIB. CEMS - Inicial y Primaria  |h 398.2  |i C162-1  |k IP  |p 3783  |t Ej.1